| 000 | 00600cam a2200181 4500500 | ||
|---|---|---|---|
| 005 | 20260329010233.0 | ||
| 041 | _afre | ||
| 042 | _adc | ||
| 100 | 1 | 0 |
_aWorms, Frédéric _eauthor |
| 245 | 0 | 0 | _aPour Deleuze, Bergson fait la différence |
| 260 | _c2024. | ||
| 500 | _a23 | ||
| 690 | _aBergson | ||
| 690 | _aDeleuze | ||
| 690 | _aFrédéric Worms | ||
| 786 | 0 | _nPhilosophie magazine - Hors séries | Hors série - Hiver 2024-2025 | HS63 | 2024-12-01 | p. 21-22 | 2104-9246 | |
| 856 | 4 | 1 | _uhttps://shs.cairn.info/magazine-philosophie-magazine-2024-hs63-page-21?lang=fr&redirect-ssocas=7080 |
| 999 |
_c1850725 _d1850725 |
||